Quiz o Terrarii - Statystyki

Ogólne statystyki
  • Ten quiz został rozwiązany 13 razy
  • Średni wynik to 9 z 20
Statystyki odpowiedzi
Wskazówka Odpowiedź % Poprawnych
W którym roku Terraria miała swoją premierę? 2011
89%
Jakiego bossa pokonuje się w jaszczuhrzej świątyni? Golema
67%
Jaki jednooki boss został dodany w jednej z nowszych aktualizacji? Jelenioko
67%
Jak nazywa się studio, które stworzyło Terrarię? Re-Logic
67%
Jaki oprócz zepsucia zły biom jest dostępny w grze? Szkarłat
67%
Jak nazywa się tarcza chroniąca przed prawie wszystkimi negatywnymi efektami w grze? Tarcza {Ankh}
67%
Gdzie znajdują się skrzynki, w których można znaleźć miecz Muramasa? W lochu
67%
Miksturę żelaznej skóry wytwarza się z butelki wody, rudy żelaza lub ołowiu i czego jeszcze? Dziennicy
56%
Jaką szalenie szybko strzelającą broń można kupić u handlarza bronią? Minirekina
56%
Z jakiego moba wypada dusza lotu? Z wywerny
56%
Którego z NPC-tów można spotkać uwięzionego w pajęczym gnieździe? Stylistkę
44%
Jak nazywa się najlepszy miecz w grze, który wytwarza się z 10 innych mieczy? Zenit
44%
Jak nazywa się rodzaj drewna możliwy do zdobycia w bajkowie? Drewno {perłowe}
33%
Który filar odpowiada klasie strzelca? Filar {wiru}
33%
Jak nazywają się duże, niebieskie stwory pojawiające się w dżungli po przejściu do hardmode? Derplingi
22%
Jak nazywa się sekretny seed, który odradza gracza w piekle, a powierzchnia jest zainfekowana i wiecznie ciemna? Don't Dig Up
22%
Jaka inwazja zostaje przywołana poprzez danie się wykryć sondzie kosmicznej? Marsjańskie szaleństwo
22%
Jakie zdarzenie astronomiczne odblokowuje się po pokonaniu mechanicznego bossa? Zaćmienie Słońca
22%
Jaka ścieżka dźwiękowa odblokowuje się po pierwszym odwiedzeniu świata o seedzie 05162020? Nieziemska
11%
Jak nazywa się broń wypadająca z cesarzowej światła po walce stoczonej z nią za dnia? Terraprisma
11%
Nie znaleziono quizów pasujących do podanych kryteriów
Rozkład punktacji
Procent ludzi z każdym wynikiem
Percentyl według liczby udzielonych odpowiedzi
Twoja historia wyników
Nie rozwiązałeś tego quizu